Senioři – sociální skupina ohrožená exekucemi

Seniori patria medzi špecifickú skupinu, ktorá je taktiež ohrozená exekúciami. Identifikácia a analýza dôvodov, ktoré vedú k takémuto stavu a návrhy ako riešiť vzniknutú situáciu. Vývoj počtu osôb s exekúciou na dôchodok v ČR.

Saved in:
Bibliographic Details
Main Author: Vrabcová, Jana
Format: Book Chapter
Language:Czech
Subjects:
Tags: Add Tag
No Tags, Be the first to tag this record!

MARC

LEADER 00000naa a2200000 4500
001 0221752
005 20221019173552.1
041 0 |a cze 
044 |a CZ 
245 1 0 |a Senioři – sociální skupina ohrožená exekucemi  |c Jana Vrabcová 
520 |a Seniori patria medzi špecifickú skupinu, ktorá je taktiež ohrozená exekúciami. Identifikácia a analýza dôvodov, ktoré vedú k takémuto stavu a návrhy ako riešiť vzniknutú situáciu. Vývoj počtu osôb s exekúciou na dôchodok v ČR. 
610 2 0 |a Česko 
610 2 0 |a problémy spoločenské 
610 2 0 |a úroveň životná 
610 2 0 |a náklady životné 
610 2 0 |a dôchodky starobné 
610 2 0 |a dlžníci 
610 2 0 |a exekúcia 
610 2 0 |a seniori 
100 1 |a Vrabcová, Jana